000 00711nam a2200241Ia 4500
005 20240525094844.0
008 131103s9999 xx 000 0 und d
020 _a8178082497
040 _aLoreto College
041 _aEnglish
082 _a005.1
_bSED
100 _aSedgewick, Robert
245 _aAlgorithms in C++
_b Parts 1-4 : Fundamentals, Data Structures, Sorting, Searching
_cRobert Sedgewick
250 _aThird edition
260 _aNew Delhi
_bPearson Education
_c2004
300 _axix,716p
440 _aLow Price Edition
504 _aIncludes references and index
650 _aAlgorithms in C++
651 _aC++ (Computer Programming Language)
850 _aLCLIB
942 _cBK
999 _c16307
_d66786